| 000 | 00613nam a2200181 i 4500 | ||
|---|---|---|---|
| 001 | 138525 | ||
| 003 | ES-MaACL | ||
| 005 | 20230906195600.0 | ||
| 007 | t| | ||
| 008 | 070214s1928 sp r ||||1| spa d | ||
| 100 | 1 |
_aSan Román, José. _9102296 |
|
| 245 | 1 | 3 |
_aLa muerte del águila _b: vida y recuerdos de Blasco Ibáñez : su reivindicación y muerte / _cJosé San Román. |
| 260 |
_aMadrid : _bPueyo, _c1928 ( _fImp. Senén Martín) |
||
| 300 |
_a92 p. ; _c19 x 12 cm. |
||
| 600 | 1 | 4 |
_aBlasco Ibáñez, Vicente, _d1867-1928- _xBiografías _929389 |
| 852 |
_aES-MaACL _jB-6040 |
||
| 999 |
_c138525 _d138525 |
||